[Event "Caldaro Puntay op-B 1st"]
[Site "Caldaro"]
[Date "2016.10.22"]
[Round "2"]
[White "Perathoner, Christine"]
[Black "Haller, Quentin"]
[Result "1/2-1/2"]
[WhiteElo "1434"]
[BlackElo "1594"]
[PlyCount "60"]
[EventDate "2016.10.21"]
[EventType "swiss"]
[EventRounds "5"]
[EventCountry "ITA"]
[SourceTitle "EXT 2018"]
[Source "ChessBase"]
[SourceDate "2017.10.13"]
[SourceVersion "1"]
[SourceVersionDate "2017.10.13"]
[SourceQuality "1"]

1. e4 Nc6 2. Nf3 d5 3. d3 dxe4 4. dxe4 Qxd1+ 5. Kxd1 Bg4 6. Be2 e6 7. Be3 Nf6 8. Nbd2 Rd8 9. Bd3 Bxf3+ 10. gxf3 a6 11. Ke2 Nb4 12. Bg5 Nxd3 13. cxd3 Rg8 14. e5 h6 15. exf6 hxg5 16. Ne4 Bd6 17. h3 Be5 18. fxg7 f6 19. Nc5 Kf7 20. h4 Rd5 21. Ne4 gxh4 22. Rxh4 Rxg7 23. f4 Bd4 24. Rc1 c6 25. b3 f5 26. Ng5+ Ke7 27. Rch1 Rd7 28. Rh7 Kd6 29. Rxg7 Rxg7 30. Rg1 Kd5 1/2-1/2